Selection of library materials in the humanities, social sciences, and sciences / (Record no. 10818)

MARC details
000 -LEADER
campo de control de longitud fija 00814nam a2200241 i 4500
001 - NÚMERO DE CONTROL
campo de control 10818
003 - IDENTIFICADOR DE NÚMERO DE CONTROL
campo de control ES-MaACL
005 - FECHA Y HORA DE LA ÚLTIMA TRANSACCIÓN
campo de control 20230906145951.0
007 - CAMPO FIJO DE DESCRIPCIÓN FÍSICA--INFORMACIÓN GENERAL
campo de control de longitud fija t|
008 - DATOS DE LONGITUD FIJA--INFORMACIÓN GENERAL
campo de control de longitud fija 951107s1985 xxu ||||1| eng d
020 ## - NÚMERO INTERNACIONAL ESTÁNDAR DEL LIBRO
Número Internacional Estándar del Libro 0-8389-3305-X
080 ## - NÚMERO DE LA CLASIFICACIÓN DECIMAL UNIVERSAL
Número de la Clasificación Decimal Universal 025.21
245 00 - MENCIÓN DEL TÍTULO
Título Selection of library materials in the humanities, social sciences, and sciences /
Mención de responsabilidad, etc. Patricia A. McClung, editor ; section editors, William Hepfer... [et al.].
260 ## - PUBLICACIÓN, DISTRIBUCIÓN, ETC.
Lugar de publicación, distribución, etc. Chicago [etc.] :
Nombre del editor, distribuidor, etc. American Library Association,
Fecha de publicación, distribución, etc. 1985.
300 ## - DESCRIPCIÓN FÍSICA
Extensión XIV, 405 p. ;
Dimensiones 24 cm.
500 ## - NOTA GENERAL
Nota general Indice.
650 14 - PUNTO DE ACCESO ADICIONAL DE MATERIA--TÉRMINO DE MATERIA
Término de materia o nombre geográfico como elemento de entrada Adquisiciones (Bibliotecas)
9 (RLIN) 196225
700 1# - ENTRADA AGREGADA--NOMBRE PERSONAL
Nombre de persona McClung, Patricia A.
9 (RLIN) 79532
700 1# - ENTRADA AGREGADA--NOMBRE PERSONAL
Nombre de persona Hepfer, William.
9 (RLIN) 62621
710 2# - ENTRADA AGREGADA--NOMBRE DE ENTIDAD CORPORATIVA
Nombre de entidad corporativa o nombre de jurisdicción como elemento de entrada American Library Association.
9 (RLIN) 1365
852 ## - LOCALIZACIÓN
Ubicación ES-MaACL
Número de control de estantería L-18139
Sublocalización o colección R.111680
Holdings
Estatus retirado Estado de pérdida Fuente del sistema de clasificación o colocación Estado de daño No para préstamo Colección Biblioteca de origen Biblioteca actual Ubicación en estantería Fecha de adquisición Total de préstamos Signatura topográfica completa Código de barras Visto por última vez Precio de reemplazo Tipo de ítem Koha
    Clasificación decimal universal     Biblioteca profesional Biblioteca del Ateneo de Madrid Biblioteca del Ateneo de Madrid Depósito 2 17/01/2008   L-18139 1011036 23/02/2023 23/02/2023 Libro impreso